000
00322nam a22001337a 4500
008
170714b xxu||||| |||| 00| 0 eng d
020
_a
0389206644
041
_a
eng
080
_a
030
100
_a
24
101
_a
FJA
245
_a
A DICTIONARY CLASSICAL REFERNCE IN ENGLISH POETRY
_c
SMITH.E
942
_2
udc
_c
BK
999
_c
20938
_d
20938